000 00958nam a2200145 4500
008 599.95 H254s
020 _a9780822362241
082 _a599.95
_bH254s
100 _aHaraway, Donna J.
_96913
245 _aStaying with the Trouble
_bMaking Kin in the Chthulucene
260 _aEstados Unidos
_bDuke University Press
_c2016
300 _a296 p.
_bill (col)
_c23 x 15 cm
505 _tIntroduction
_t1. Playing string figures with companion species
_t2. Tentacular thinking: Anthropocene, Capitalocene, Chthulucene
_t3. Sympoiesis: Symbiogenesis and the Lively Arts of Staying with the Trouble
_t4. Making Kin: Anthropocene, Capitalocene, Plantationocene, Chthulucene
_t5. Awash in Urine: DES and Premarin in Multispecies Response-ability
_t6. Sowing Worlds: A Seed Bag for Terraforming with Earth Others
_t7. A Curious Practice
_t8. The Camille Stories: Children of Compost
650 _xecología
_xrelaciones humanas-animales
_xmamíferos
_xambiente-psicología
_96914
999 _c1728
_d1728